| 000 | 00856nam a2200253 i 4500 | ||
|---|---|---|---|
| 001 | bg | ||
| 245 | 0 | 0 |
_aPrzewodnik po literaturze filozoficznej XX wieku / _cpod red. Barbary Skargi ; przy współpr. Stanisława Borzyma, Haliny Floryńskiej-Lalewicz. _nT. 4. |
| 260 |
_aWarszawa : _bWydaw. Naukowe PWN, _c[1996]. |
||
| 300 |
_a443, [1] s. ; _c25 cm. |
||
| 504 | _aBibliogr. podm. przy hasłach. - Indeksy. | ||
| 650 | 9 |
_aFilozofia _xhistoria _y20 w. |
|
| 700 | 1 |
_aSKARGA, Barbara. _eRed. |
|
| 700 | 1 |
_aBORZYM, Stanisław. _eRed. |
|
| 700 | 1 |
_aFLORYŃSKA-LALEWICZ, Halina. _eRed. |
|
| 020 | _a8301120878 (t. 4) | ||
| 020 | _a8301113332 (całość) | ||
| 040 | _cBPK | ||
| 041 | 0 | _apl | |
| 080 | _a1"19"(091) | ||
| 920 | _a83-01-12087-8 (t. 4) | ||
| 920 | _a83-01-11333-2 (całość) | ||
| 942 | _cKS | ||
| 008 | s pl f |000 0 pol | ||
| 999 |
_c31310 _d31310 |
||
| 856 |
_uhttp://koha.tu.koszalin.pl/cgi-bin/koha/opac-detail.pl?biblionumber=31310 _yKatalog online BPK |
||